Mother Teresa / (Record no. 141678)

MARC details
000 -LEADER
fixed length control field 00690nam a22001937a 4500
010 ## - LCCN (DPL NO)
LC control number 1718CH-EN
020 ## - INTERNATIONAL STANDARD BOOK NUMBER
International Standard Book Number 9780143428275
Terms of availability 150.00
035 ## - SYSTEM CONTROL NUMBER
System control number B-673191-199
037 ## - SOURCE OF ACQUISITION
Stock number DPL
Source of stock number/acquisition BSB
082 ## - DEWEY DECIMAL CLASSIFICATION NUMBER
Classification number S
100 ## - MAIN ENTRY--PERSONAL NAME
Personal name Mehta, Sonia
245 ## - TITLE STATEMENT
Title Mother Teresa /
Statement of responsibility, etc by Sonia Mehta; illustrated Aditya Krishnamurthy
260 ## - PUBLICATION, DISTRIBUTION, ETC. (IMPRINT)
Place of publication, distribution, etc Gurgaon
Name of publisher, distributor, etc Puffin Book
Date of publication, distribution, etc 2016
270 ## - ADDRESS
Address 7th Floor, Infinity Tower C, DLF Cyber City,
City Gurgaon
Postal code 122002
300 ## - PHYSICAL DESCRIPTION
Extent 80p.
Dimensions 19cm(pbk)
700 ## - ADDED ENTRY--PERSONAL NAME
Personal name Krishnamurthy, Aditya
942 ## - ADDED ENTRY ELEMENTS (KOHA)
Source of classification or shelving scheme Dewey Decimal Classification
Item type Children Books
Call number suffix MEH
Classification part S
Holdings
Withdrawn status Lost status Not for loan Collection code Home library Current library Date acquired Source of acquisition Cost, normal purchase price Full call number Barcode Copy number Cost, replacement price Koha item type
      Fiction Bawana Bawana 16/10/2017 BSB/64/22.7.2017/CH-EN/69/14.7.2017/24.7.2017 150.00 S MEH B-673198 1 150.00 Children Books
      Fiction Central Library Central Library 16/10/2017 BSB/64/22.7.2017/CH-EN/69/14.7.2017/24.7.2017 150.00 S MEH B-673194 1 150.00 Children Books
      Fiction Janak Puri Janak Puri 16/10/2017 BSB/64/22.7.2017/CH-EN/69/14.7.2017/24.7.2017 150.00 S MEH B-673196 1 150.00 Children Books
      Fiction Mobile Library Mobile Library 16/10/2017 BSB/64/22.7.2017/CH-EN/69/14.7.2017/24.7.2017 150.00 S MEH B-673191 2 150.00 Children Books
      Fiction Mobile Library Mobile Library 16/10/2017 BSB/64/22.7.2017/CH-EN/69/14.7.2017/24.7.2017 150.00 S MEH B-673192 2 150.00 Children Books
      Fiction New Police Line New Police Line 16/10/2017 BSB/64/22.7.2017/CH-EN/69/14.7.2017/24.7.2017 150.00 S MEH B-673193 1 150.00 Children Books
      Fiction Patel Nagar Patel Nagar 16/10/2017 BSB/64/22.7.2017/CH-EN/69/14.7.2017/24.7.2017 150.00 S MEH B-673195 1 150.00 Children Books
      Fiction Sarojini Nagar Sarojini Nagar 16/10/2017 BSB/64/22.7.2017/CH-EN/69/14.7.2017/24.7.2017 150.00 S MEH B-673197 1 150.00 Children Books
      Fiction Shahdara Branch Shahdara Branch 16/10/2017 BSB/64/22.7.2017/CH-EN/69/14.7.2017/24.7.2017 150.00 S MEH B-673199 1 150.00 Children Books

© Delhi Public Library
Hit Counter
free hit counter